Non-vegetarian cookery. (Record no. 85677)

MARC details
000 -LEADER
fixed length control field 00506cam a2200205 4500
001 - CONTROL NUMBER
control field sa 68014302
003 - CONTROL NUMBER IDENTIFIER
control field DLC
005 - DATE AND TIME OF LATEST TRANSACTION
control field 20260227112630.0
008 - FIXED-LENGTH DATA ELEMENTS--GENERAL INFORMATION
fixed length control field 700217s1968 ii 000 0 eng
010 ## - LIBRARY OF CONGRESS CONTROL NUMBER
LC control number sa 68014302
025 ## - OVERSEAS ACQUISITION NUMBER
Overseas acquisition number PL480:I-E-10627
040 ## - CATALOGING SOURCE
Original cataloging agency DLC
Transcribing agency DLC
Modifying agency DLC
050 00 - LIBRARY OF CONGRESS CALL NUMBER
Classification number TX724.5.I4
Item number N6
082 00 - DEWEY DECIMAL CLASSIFICATION NUMBER
Classification number 641.5954
245 00 - TITLE STATEMENT
Title Non-vegetarian cookery.
260 ## - PUBLICATION, DISTRIBUTION, ETC.
Place of publication, distribution, etc. [Madras]
Name of publisher, distributor, etc. Higginbothams
Date of publication, distribution, etc. [1968]
300 ## - PHYSICAL DESCRIPTION
Extent vi, 167 p.
Dimensions 13 x 19 cm.
350 ## - PRICE (NR) (BK AM CF MU VM SE) [OBSOLETE]
Price 4.00
650 #0 - SUBJECT ADDED ENTRY--TOPICAL TERM
Topical term or geographic name entry element Cooking, Indic.

No items available.

Powered by Koha